000 00322nam a22001457a 4500
008 211013b ||||| |||| 00| 0 eng d
020 _a9780449904077
041 _aeng
080 _a612.39
082 _a612.39
100 _a10
101 _aNUT
245 _aOvercoming Overeating
_cHirschmann,J.R
942 _2udc
_cBK
999 _c58201
_d58201